[Event "Hong Kong-ch prel"]
[Site "Hong Kong"]
[Date "2015.03.02"]
[Round "8"]
[White "Bret, Jean Sebastien"]
[Black "Bichel, Nikolaj"]
[Result "1-0"]
[WhiteElo "1553"]
[BlackElo "1226"]
[PlyCount "89"]
[EventDate "2015.01.05"]
[EventType "swiss"]
[EventRounds "9"]
[EventCountry "HKG"]
[SourceTitle "EXT 2016"]
[Source "ChessBase"]
[SourceDate "2015.10.08"]
[SourceVersion "1"]
[SourceVersionDate "2015.10.08"]
[SourceQuality "1"]

1. d4 Nf6 2. c4 c5 3. d5 e6 4. Nc3 exd5 5. cxd5 d6 6. e4 g6 7. Bd3 Bg7 8. Nge2 0-0 9. 0-0 a6 10. Bg5 Re8 11. a4 Qb6 12. Qd2 Nbd7 13. Ng3 Ne5 14. Be2 Qb4 15. Rab1 Bd7 16. Qf4 h6 17. Bxf6 g5 18. Bxg5 hxg5 19. Qxg5 f6 20. Qf4 Nf7 21. Nh5 Qd4 22. Nxg7 Kxg7 23. Bh5 Re5 24. Bxf7 Kxf7 25. Rbd1 Qb4 26. Rd3 Rg8 27. Re3 Rg6 28. b3 Bg4 29. Rg3 f5 30. h3 Bh5 31. Rxg6 Bxg6 32. Qf3 Kf6 33. exf5 Rxf5 34. Qe3 b5 35. Ne4+ Kg7 36. Nxd6 Rxd5 37. Qe7+ Kh6 38. Nf7+ Bxf7 39. Qxf7 Qxb3 40. axb5 axb5 41. Qf6+ Kh7 42. Kh2 Qd3 43. Ra1 Qd4 44. Ra7+ Kg8 45. Qg6+ 1-0

[Event "Hong Kong-ch prel"]
[Site "Hong Kong"]
[Date "2015.01.05"]
[Round "1"]
[White "Lai, Robin"]
[Black "Bichel, Nikolaj"]
[Result "1-0"]
[WhiteElo "1908"]
[BlackElo "1226"]
[PlyCount "69"]
[EventDate "2015.01.05"]
[EventType "swiss"]
[EventRounds "9"]
[EventCountry "HKG"]
[SourceTitle "EXT 2016"]
[Source "ChessBase"]
[SourceDate "2015.10.08"]
[SourceVersion "1"]
[SourceVersionDate "2015.10.08"]
[SourceQuality "1"]

1. d4 Nf6 2. Nf3 b6 3. g3 Bb7 4. Bg2 d5 5. 0-0 e6 6. Bg5 Be7 7. Nbd2 c5 8. c3 0-0 9. Ne5 Nfd7 10. Bxe7 Qxe7 11. f4 cxd4 12. cxd4 Qb4 13. Nb3 Nxe5 14. fxe5 Nc6 15. e3 Ba6 16. Rf2 Rac8 17. Qh5 Bc4 18. Nd2 Qxb2 19. Re1 Nb4 20. Nxc4 Qxf2+ 21. Kxf2 Nd3+ 22. Ke2 Nxe1 23. Kxe1 Rxc4 24. Qd1 Rfc8 25. Kd2 b5 26. Bf1 Rb4 27. Qa1 g6 28. Bd3 Kg7 29. a3 Ra4 30. Bxb5 Ra5 31. a4 f6 32. exf6+ Kxf6 33. Qb2 a6 34. Bd7 Rc4 35. Qb6 1-0